000 00737nam a22002537a 4500
003 UA-OsUOA
001 28383
007 ta
008 20050321b un ||||| |||| 00| 0 ukr d
100 _aВедищев Н. П.
090 _a343.157.3(470)
_bВ26
942 _cBK
040 _aUA-OsUOA
_brus
_cUA-OsUOA
_dUA-OsUOA
245 _aВозобновление производства по уголовному делу ввиду новых или вновь открывшихся обстоятельств
300 _a256 с.
955 _a0
041 _arus
080 _a343.157.3(470)
020 _a5-93295-079-Х
260 _aМ.
_bЮрлитинформ
_c256
044 _aRU
650 7 _2UDC
999 _c314750
_d314750